[Event "Plovdiv ChessBomb op 2nd"]
[Site "Plovdiv"]
[Date "2016.07.15"]
[Round "6"]
[White "Atanasov, Atanas G"]
[Black "Shalamanov, Vladimir"]
[Result "1-0"]
[WhiteElo "1880"]
[BlackElo "1716"]
[PlyCount "59"]
[EventDate "2016.07.12"]
[EventType "swiss"]
[EventRounds "7"]
[EventCountry "BUL"]
[SourceTitle "CBM 173 Extra"]
[Source "ChessBase"]
[SourceDate "2016.08.29"]
[SourceVersion "1"]
[SourceVersionDate "2016.08.29"]
[SourceQuality "1"]

1. Nf3 d5 2. b3 c5 3. e3 Nc6 4. Bb5 Bd7 5. Bb2 Nf6 6. 0-0 e6 7. d3 Be7 8. Bxc6 Bxc6 9. Ne5 Qc7 10. Nd2 0-0 11. f4 Nd7 12. Qg4 f5 13. Qg3 Nxe5 14. Bxe5 Bd6 15. Bb2 Rf7 16. Nf3 Re8 17. Rae1 b5 18. Be5 b4 19. Bxd6 Qxd6 20. Ne5 Rfe7 21. a4 d4 22. Qf2 dxe3 23. Rxe3 Bd5 24. Rfe1 a5 25. Rh3 Bb7 26. Qh4 g6 27. Ree3 Rg7 28. Nc4 Qd5 29. Qf2 Qd4 30. Nxa5 1-0

[Event "Plovdiv ChessBomb op 2nd"]
[Site "Plovdiv"]
[Date "2016.07.12"]
[Round "1"]
[White "Pulev, Boris"]
[Black "Atanasov, Atanas G"]
[Result "0-1"]
[WhiteElo "1149"]
[BlackElo "1880"]
[PlyCount "44"]
[EventDate "2016.07.12"]
[EventType "swiss"]
[EventRounds "7"]
[EventCountry "BUL"]
[SourceTitle "CBM 173 Extra"]
[Source "ChessBase"]
[SourceDate "2016.08.29"]
[SourceVersion "1"]
[SourceVersionDate "2016.08.29"]
[SourceQuality "1"]

1. e4 e6 2. d4 d5 3. e5 c5 4. c3 Nc6 5. f4 Nh6 6. Nf3 Qb6 7. Na3 cxd4 8. cxd4 Bxa3 9. bxa3 Nf5 10. Bd3 Nfxd4 11. Nxd4 Qxd4 12. Rb1 Qc5 13. Bb2 Qe3+ 14. Be2 Qxf4 15. Ba1 0-0 16. g3 Qg5 17. 0-0 b6 18. Re1 Nxe5 19. Bxe5 Qxe5 20. Bf3 Qf6 21. Rf1 Qe7 22. a4 Bb7 0-1

[Event "Sunny Beach op-C 13th"]
[Site "Sunny Beach"]
[Date "2014.09.08"]
[Round "3"]
[White "Atanasov, Atanas G"]
[Black "Zlatanovic, Jovana"]
[Result "1-0"]
[WhiteElo "1976"]
[BlackElo "1757"]
[PlyCount "35"]
[EventDate "2014.09.06"]
[EventType "swiss"]
[EventRounds "9"]
[EventCountry "BUL"]
[SourceTitle "CBM 162 Extra"]
[Source "ChessBase"]
[SourceDate "2014.10.17"]
[SourceVersion "1"]
[SourceVersionDate "2014.10.17"]
[SourceQuality "1"]

1. Nf3 Nf6 2. b3 c5 3. Bb2 e6 4. e3 a6 5. Be2 Be7 6. 0-0 d6 7. c4 Bd7 8. d4 d5 9. dxc5 Bxc5 10. Ne5 Bc8 11. cxd5 Qxd5 12. Nd2 0-0 13. Bf3 Qd8 14. Qc2 Qc7 15. Rac1 Nbd7 16. Nd3 Qa5 17. Bc3 Qb6 18. Bxf6 1-0